Welcome to the Holygrace Academy Library

Please use search bar below to get started

MALAYALA SAHITHYAM (Record no. 5565)

MARC details
000 -LEADER
fixed length control field 00298nam a22001337a 4500
082 ## - DEWEY DECIMAL CLASSIFICATION NUMBER
Classification number 894.812
Item number SUR/M
100 ## - MAIN ENTRY--AUTHOR NAME
Personal name SURESH, K
245 ## - TITLE STATEMENT
Title MALAYALA SAHITHYAM
260 ## - PUBLICATION, DISTRIBUTION, ETC. (IMPRINT)
Place of publication TRIVANDRUM
Name of publisher SURESH.K
Year of publication 2002
300 ## - PHYSICAL DESCRIPTION
Number of Pages 80
520 ## - SUMMARY, ETC.
Summary, etc MALAYALAM SAHITHYAM
650 ## - SUBJECT ADDED ENTRY--TOPICAL TERM
Topical Term MALAYALAM SAHITHYAM
942 ## - ADDED ENTRY ELEMENTS (KOHA)
Koha item type Books
Holdings
Withdrawn status Lost status Collection code Home library Current library Shelving location Date acquired Source of acquisition Cost, normal purchase price Full call number Accession Number Koha item type
    Fiction Main Library Main Library SHELF-16L- MALAYALAM BIOGRAPHY,STUDIES/CRITICISM 06/05/2006 Purchase 5.00 894.812 SUR/M 02340 Books